[Event "Porec op"]
[Site "Porec"]
[Date "2009.12.05"]
[Round "6"]
[White "Konic, Zlatko"]
[Black "Pasalic, Enio"]
[Result "0-1"]
[WhiteElo "2080"]
[BlackElo "2084"]
[PlyCount "94"]
[EventDate "2009.12.03"]
[EventType "swiss"]
[EventRounds "7"]
[EventCountry "CRO"]
[SourceTitle "CBM 133 Extra"]
[Source "ChessBase"]
[SourceDate "2010.01.05"]
[SourceVersion "1"]
[SourceVersionDate "2010.01.05"]
[SourceQuality "1"]

1. d4 d5 2. Nf3 Nf6 3. c4 c6 4. Nc3 e6 5. Bf4 Nbd7 6. e3 Be7 7. Bd3 dxc4 8. Bxc4 0-0 9. h3 b5 10. Bd3 Bb7 11. 0-0 a6 12. Rc1 c5 13. dxc5 Nxc5 14. Be2 Qxd1 15. Rfxd1 Rac8 16. b4 Ncd7 17. a3 Nb6 18. Ne5 Rfd8 19. Rxd8+ Bxd8 20. Rd1 Nfd5 21. Nxd5 Bxd5 22. Nd3 Be7 23. Nc5 g5 24. e4 gxf4 25. exd5 Nxd5 26. Bg4 Bxc5 27. Rxd5 Bxf2+ 28. Kf1 Be3 29. Rd6 Rc1+ 30. Ke2 Rc2+ 31. Kf1 Rf2+ 32. Ke1 Rxg2 33. Rxa6 Ra2 34. Ra5 Kg7 35. Rxb5 Rxa3 36. Rb7 Kg6 37. b5 f5 38. Bf3 e5 39. b6 Rb3 40. Bd5 Rb1+ 41. Ke2 e4 42. Bf7+ Kf6 43. Bh5 Rb2+ 44. Ke1 f3 45. Rd7 Rb1+ 46. Rd1 Rxb6 47. h4 Rb2 0-1

[Event "Porec op"]
[Site "Porec"]
[Date "2009.12.04"]
[Round "3"]
[White "Pasalic, Enio"]
[Black "Udovicic, Roland"]
[Result "1-0"]
[WhiteElo "2084"]
[BlackElo "1709"]
[PlyCount "95"]
[EventDate "2009.12.03"]
[EventType "swiss"]
[EventRounds "7"]
[EventCountry "CRO"]
[SourceTitle "CBM 133 Extra"]
[Source "ChessBase"]
[SourceDate "2010.01.05"]
[SourceVersion "1"]
[SourceVersionDate "2010.01.05"]
[SourceQuality "1"]

1. d4 Nf6 2. Nf3 g6 3. c4 d5 4. Nc3 Bg7 5. Bg5 c6 6. e3 0-0 7. Qb3 Ne4 8. Bf4 Qa5 9. Bd3 Nxc3 10. bxc3 Bg4 11. Ne5 Bc8 12. 0-0 Nd7 13. Nxd7 Bxd7 14. cxd5 cxd5 15. Qxb7 Qxc3 16. Qxd7 Qxd3 17. Qxd5 e6 18. Qb7 Qf5 19. Rac1 Bxd4 20. Bd6 Bb6 21. Bxf8 Rxf8 22. Rc8 h5 23. Rxf8+ Kxf8 24. Rc1 h4 25. h3 Kg7 26. Qe7 Qf6 27. Qxf6+ Kxf6 28. Rc4 g5 29. Kf1 e5 30. Ke2 Kf5 31. f3 f6 32. Kd3 Bd8 33. a4 Ba5 34. Rc5 Be1 35. Rc6 a5 36. Rc5 Bb4 37. Rc4 Ba3 38. Rc6 Bb4 39. Rb6 Be1 40. Rb1 Bg3 41. Ke2 e4 42. Rb5+ Be5 43. Rxa5 exf3+ 44. gxf3 Ke6 45. Rxe5+ fxe5 46. Kd3 Kd5 47. a5 e4+ 48. Ke2 1-0

[Event "Porec op"]
[Site "Porec"]
[Date "2009.12.03"]
[Round "1"]
[White "Pasalic, Enio"]
[Black "Fercec, Nenad"]
[Result "0-1"]
[WhiteElo "2084"]
[BlackElo "2466"]
[PlyCount "38"]
[EventDate "2009.12.03"]
[EventType "swiss"]
[EventRounds "7"]
[EventCountry "CRO"]
[SourceTitle "CBM 133 Extra"]
[Source "ChessBase"]
[SourceDate "2010.01.05"]
[SourceVersion "1"]
[SourceVersionDate "2010.01.05"]
[SourceQuality "1"]

1. d4 Nf6 2. Nf3 g6 3. c4 Bg7 4. Nc3 d5 5. Bg5 Ne4 6. Bh4 Nxc3 7. bxc3 dxc4 8. Qa4+ Nd7 9. Qxc4 0-0 10. Bg3 c5 11. e3 Qa5 12. Rc1 cxd4 13. exd4 e5 14. Be2 exd4 15. Bc7 Nb6 16. Bxb6 axb6 17. Nxd4 Bxd4 18. Qxd4 Qxa2 19. Bb5 Qb2 0-1

[Event "CRO-chT3"]
[Site "Rijeka/Pula"]
[Date "2009.04.26"]
[Round "5"]
[White "Pasalic, Enio"]
[Black "Grguric, Daria"]
[Result "1-0"]
[WhiteElo "2073"]
[BlackElo "1912"]
[PlyCount "59"]
[EventDate "2009.04.04"]
[EventType "team-tourn"]
[EventRounds "9"]
[EventCountry "CRO"]
[SourceTitle "EXT 2011"]
[Source "ChessBase"]
[SourceDate "2010.11.26"]
[SourceVersion "1"]
[SourceVersionDate "2010.11.26"]
[SourceQuality "1"]

1. e4 e6 2. d4 d5 3. Nc3 Nf6 4. Bg5 Be7 5. e5 Nfd7 6. Bxe7 Qxe7 7. Qg4 f5 8. exf6 Nxf6 9. Qh4 Nc6 10. 0-0-0 Bd7 11. Nf3 0-0-0 12. Bb5 Rhf8 13. Rhe1 Qb4 14. Bxc6 bxc6 15. Ne5 Rde8 16. g4 g6 17. Re3 Qe7 18. f3 c5 19. g5 Nh5 20. dxc5 Rf4 21. Qe1 c6 22. Ne4 Rxe4 23. fxe4 Qxc5 24. Rb3 Re7 25. Qf1 Qa5 26. Qf8+ Re8 27. Qf7 Rd8 28. Nxd7 Rxd7 29. Qxe6 Qc7 30. exd5 1-0

[Event "CRO-chT3"]
[Site "Rijeka/Pula"]
[Date "2009.04.05"]
[Round "2"]
[White "Pasalic, Enio"]
[Black "Relja, Marin"]
[Result "1/2-1/2"]
[WhiteElo "2073"]
[BlackElo "2070"]
[PlyCount "206"]
[EventDate "2009.04.04"]
[EventType "team-tourn"]
[EventRounds "9"]
[EventCountry "CRO"]
[SourceTitle "EXT 2011"]
[Source "ChessBase"]
[SourceDate "2010.11.26"]
[SourceVersion "1"]
[SourceVersionDate "2010.11.26"]
[SourceQuality "1"]

1. d4 g6 2. e4 Bg7 3. Nc3 c6 4. Be3 d5 5. e5 Nh6 6. Nf3 Bg4 7. Be2 Nd7 8. 0-0 0-0 9. Qd2 Nf5 10. Ng5 Bxe2 11. Nxe2 e6 12. Ng3 Nxe3 13. Qxe3 c5 14. c3 cxd4 15. cxd4 h6 16. Nf3 Rc8 17. Rfc1 Qb6 18. Qa3 Rfe8 19. Qa4 Nb8 20. Rc2 Bf8 21. Rac1 Rxc2 22. Rxc2 Nc6 23. Ne2 Rb8 24. a3 Na5 25. Nd2 Qa6 26. Nb3 Qd3 27. Rd2 Qb1+ 28. Nbc1 Rc8 29. Rd1 Qc2 30. Qxc2 Rxc2 31. b4 Nc4 32. Rd3 a5 33. Rb3 axb4 34. axb4 Nd2 35. Ra3 Bxb4 36. Ra8+ Kg7 37. Nd3 Bf8 38. Rb8 Nc4 39. Nef4 b6 40. Rb7 Kg8 41. h4 Rd2 42. Rb8 Nb2 43. Nxb2 Rxb2 44. Kf1 b5 45. Ke1 Rb1+ 46. Kd2 b4 47. Nd3 Kg7 48. Kc2 Ra1 49. Rb7 Ra2+ 50. Nb2 Ra3 51. Nd3 Rc3+ 52. Kd2 Rc4 53. Ke3 Rc3 54. Kd2 Ra3 55. Kc2 Ra2+ 56. Nb2 Ra1 57. Nd3 Rg1 58. g3 Rf1 59. Kd2 g5 60. hxg5 hxg5 61. g4 Rg1 62. f3 Rf1 63. Nc5 Bxc5 64. dxc5 Rf2+ 65. Ke3 Rc2 66. Rxb4 Rxc5 67. Rb6 Rc1 68. Ke2 Rc3 69. Ra6 Kg6 70. Rd6 Rb3 71. Ra6 d4 72. Rd6 Re3+ 73. Kf2 Rxe5 74. Rxd4 Rd5 75. Ra4 Kf6 76. Ra7 Rd4 77. Ke3 Rf4 78. Rb7 Kg6 79. Rb6 Kf6 80. Rb7 e5 81. Rb6+ Kg7 82. Rb7 Kg6 83. Rb8 e4 84. Rg8+ Kf6 85. fxe4 Rxg4 86. Re8 Rg3+ 87. Kf2 Rb3 88. e5+ Kg7 89. e6 f6 90. Re7+ Kg6 91. Re8 Rb6 92. Rg8+ Kh7 93. e7 Rb2+ 94. Ke3 Kxg8 95. e8Q+ Kg7 96. Qd7+ Kg6 97. Qd3+ Kg7 98. Kf3 Rh2 99. Kg3 Rh4 100. Qd7+ Kg6 101. Qe8+ Kg7 102. Qe7+ Kg6 103. Kf3 Rf4+ 1/2-1/2

[Event "Porec op"]
[Site "Porec"]
[Date "2008.12.04"]
[Round "2"]
[White "Mihalinec, Damir"]
[Black "Pasalic, Enio"]
[Result "1-0"]
[WhiteElo "2272"]
[BlackElo "2088"]
[PlyCount "41"]
[EventDate "2008.12.04"]
[EventType "swiss"]
[EventRounds "7"]
[EventCountry "CRO"]
[SourceTitle "CBM 127 Extra"]
[Source "ChessBase"]
[SourceDate "2009.01.08"]
[SourceVersion "2"]
[SourceVersionDate "2009.01.28"]
[SourceQuality "1"]

1. e4 e6 2. d4 d5 3. Nc3 Nf6 4. Bg5 Be7 5. e5 Nfd7 6. h4 c5 7. Bxe7 Qxe7 8. Nb5 Kd8 9. f4 Nc6 10. Nf3 Nb6 11. Nd6 Nxd4 12. Nxd4 cxd4 13. Qh5 g6 14. Qg4 Rf8 15. 0-0-0 Rb8 16. Qg3 a6 17. Rxd4 Bd7 18. Rb4 Kc7 19. Qb3 Ba4 20. Qe3 Bb5 21. Qc5+ 1-0